000
00292nam a2200145Ia 4500
100
_a
Edwards/Dilwyn
250
_a
2
942
_c
BK
245
_a
Guide to mathematical modelling
260
_b
Palgrave
_c
2007
082
_a
511.8
_b
EDW
300
_a
326
546
_a
ENGLISH
999
_c
33471
_d
33471